| 000 | 00682nam a22002297a 4500 | ||
|---|---|---|---|
| 999 |
_c233573 _d233573 |
||
| 003 | Nust | ||
| 005 | 20200313111603.0 | ||
| 008 | 170309b xxu||||| |||| 00| 0 eng d | ||
| 038 | _a0 | ||
| 040 | _c0 | ||
| 050 | _a363.7 YAS | ||
| 082 | _a363.7 YAS | ||
| 100 |
_aNaila Yasmin _910512 |
||
| 245 |
_aSpatial And Temporal Analysis Of Winter Fog Over South Asia By Using Satellite Observations / _cNaila Yasmin |
||
| 260 |
_aIslamabad _bIESE (SCEE) NUST _c2016. |
||
| 300 |
_a60 p. _bHB. |
||
| 440 |
_aMS Environmental Science _91724 |
||
| 500 | _aThesis MS ES | ||
| 650 |
_aEnvironmental Science _91725 |
||
| 700 | _4Dr. M Fahim Khokhar (Supervisor) | ||
| 942 |
_2ddc _cTHE _kIESE |
||